000 01052nam a2200253Ia 4500
003 OSt
005 20260422082459.0
008 260210s9999||||xx |||||||||||||| ||aze||
040 _aAz-XaKU
_baze
_cAz-XaKU
041 _aaze
050 1 4 _aP121 .J1807 2021
100 1 _aCəfərov, Qismət,
_emüəllif.
245 0 _aÜmumi dilçilik modelləri
_c/ Qismət Cəfərov, Səmra Həsənzadə ; elmi redaktor Əbülfəz Rəcəbli ; rəyçi Qıpçaq Məmmədli
264 _aBakı:
_b"Elm və təhsil",
_c2021.
300 _a108 səhifə ;
_bcədvəl, sxem,
_c20 sm.
504 _aBiblioqrafiya səh. 106
505 0 _aGiriş -- Dilçiliyin predmeti -- Dilçiliyin tarixi -- Dilçiliyin metodları -- Dilçiliyin mahiyyəti -- Sinxron dilçilik -- Diaxron dilçilik -- Tipoloji dilçilik -- Universalilər dilçiliyi.
650 0 7 _aDilçilik
_2Az-XaKU
700 1 _aHəsənzadə, Səmra,
_emüəllif.
700 1 _aRəcəbli, Əbülfəz,
_eelmi redaktor.
700 1 _aMəmmədli, Qıpçaq,
_erəyçi.
942 _cBOOK
999 _c13
_d13